书目信息 |
| 书名: | Mathematical methods of classical mechanics | |
| 作者: | V.I. Arnold. | |
| 分册号: | ||
| 分册名: | 出版地: | New York : |
|
| 出版社: | Springer-Verlag | |
| 出版时间: | c1978. | |
| 页数: | x, 462 p. : | |
| 开本: | 24 cm. | |
| 丛书名: | Graduate texts in mathematics | |
| 中图分类号: | ||
| 科图分类号: | ||
| 其他分类号: | O3:H31 | |
| 主题词: | ||
| 电子资源: | ||
| 000 | 01169cam 22003010a 4504 | |
| 001 | E0732447889 | |
| 003 | CaOON | |
| 005 | 20070226090518.59 | |
| 008 | 780620s1978 nyua b 0011 eng l | |
| 010 | @a78015927 //r832 | |
| 020 | @a0387903143. | |
| 040 | @aDLC@beng@cDLC@dCaOONL@dCaOON | |
| 041 | 1 | @aeng@hrus |
| 050 | 00 | @aQA805@b.A6813 |
| 082 | @a531/.01/515 | |
| 090 | @aO3:H31 | |
| 099 | @dO3:H31@ex13 | |
| 100 | 1 | @aArnol, V. I.@q(Vladimir Igorevich),@d1937- |
| 240 | 00 | @aMatematicheskie metody klassichesko鎖 mekhaniki.@lEnglish. |
| 245 | 10 | @aMathematical methods of classical mechanics / @cV.I. Arnold. |
| 260 | 0 | @aNew York :@bSpringer-Verlag,@cc1978. |
| 300 | @ax, 462 p. :@bill. ;@c24 cm. | |
| 440 | 0 | @aGraduate texts in mathematics ;@v 60. |
| 500 | @aTranslation of Matematicheskie metody klassichesko鎖 mekhaniki. | |
| 504 | @aIncludes bibliographical references and index. | |
| 650 | 0 | @aMechanics, Analytic. |
| 765 | 1 | @aArnol, V. I. (Vladimir Igorevich), 1937-@tMatematicheskie metody klassichesko鎖 mekhaniki.@dMoskva : "Nauka", Glav. red. fiziko-matematichesko鎖 lit-ry, 1974. |
| 920 | @a232010@z2 | |
| Mathematical methods of classical mechanics / / V.I. Arnold.-New York : : Springer-Verlag, , c1978. |
| x, 462 p. : : ill. ; ; 24 cm.- (Graduate texts in mathematics ; 60. ) |
| Translation of Matematicheskie metody klassichesko鎖 mekhaniki.-Includes bibliographical references and index. |
| ISBN 0387903143. |
| ● |
| 相关链接 |
|
|
|
|
正题名:Mathematical methods of classical mechanics
索取号:O3:H31/x13
 
预约/预借
| 序号 | 登录号 | 条形码 | 馆藏地/架位号 | 状态 | 备注 |
| 1 | 49677 | 000439715 | 第四借阅区/ [索取号:O3:H31/x13] | 在馆 | |
| 2 | 49678 | 000439751 | 第四借阅区/ [索取号:O3:H31/x13] | 在馆 | |
| 3 | 49679 | 000439831 | 第二样本阅览室/ [索取号:O3:H31/x13] | 在馆 |